[Event "Caracas Hybrid Rapid op"]
[Site "Caracas"]
[Date "2022.09.17"]
[Round "10"]
[White "Castaneda Quiames, Fabio Andres"]
[Black "Flores Zamora, Samuel Eduardo"]
[Result "0-1"]
[WhiteElo "1021"]
[BlackElo "1032"]
[PlyCount "48"]
[EventDate "2022.09.17"]
[EventType "swiss"]
[EventRounds "11"]
[EventCountry "VEN"]
[SourceTitle "EXT 2023"]
[Source "ChessBase"]
[SourceDate "2022.10.05"]
[SourceVersion "1"]
[SourceVersionDate "2022.10.05"]
[SourceQuality "1"]

1. d4 f5 2. c4 Nf6 3. Nf3 e6 4. e3 b6 5. Bd3 Bb7 6. 0-0 Be7 7. Nbd2 0-0 8. Re1 d5 9. b3 Nbd7 10. Bb2 c5 11. Qc2 Qe8 12. Rad1 Rc8 13. Qb1 Ne4 14. Ba1 Ndf6 15. h3 Qg6 16. Re2 Bd6 17. Ne5 Bxe5 18. dxe5 Nd7 19. Nf3 dxc4 20. bxc4 Nef6 21. Nh4 Qg5 22. g3 Ne4 23. Kh2 Rf7 24. Qb2 Nf8 0-1

[Event "Caracas Hybrid Rapid op"]
[Site "Caracas"]
[Date "2022.09.17"]
[Round "8"]
[White "Ng Parra, Gabriel Elias"]
[Black "Flores Zamora, Samuel Eduardo"]
[Result "1/2-1/2"]
[WhiteElo "1048"]
[BlackElo "1032"]
[PlyCount "226"]
[EventDate "2022.09.17"]
[EventType "swiss"]
[EventRounds "11"]
[EventCountry "VEN"]
[SourceTitle "EXT 2023"]
[Source "ChessBase"]
[SourceDate "2022.10.05"]
[SourceVersion "1"]
[SourceVersionDate "2022.10.05"]
[SourceQuality "1"]

1. d4 f5 2. Nf3 Nf6 3. Bg5 e6 4. e3 Bb4+ 5. c3 Be7 6. Bd3 b6 7. 0-0 Bb7 8. Nbd2 0-0 9. Re1 Ne4 10. Bxe7 Qxe7 11. Qc2 Nxd2 12. Nxd2 Qg5 13. f3 d6 14. e4 fxe4 15. Bxe4 Bxe4 16. Qxe4 d5 17. Qxe6+ Kh8 18. Rad1 Na6 19. Re5 Qf4 20. Qxd5 c5 21. Qc4 Nc7 22. Nb3 Rac8 23. Re4 Qd6 24. Rd2 Qg6 25. Qd3 Qg5 26. dxc5 Rcd8 27. Qc2 Rxd2 28. Qxd2 Qxd2 29. Nxd2 bxc5 30. Re7 Nb5 31. Rb7 Nd6 32. Rxa7 h6 33. Kf2 Re8 34. Rc7 Re5 35. Nb3 Rf5 36. Nxc5 Rf6 37. Re7 Rf5 38. Ne4 Nc4 39. b3 Nb2 40. Re8+ Kh7 41. g4 Rf7 42. Re5 Nd3+ 43. Ke3 Nxe5 44. f4 Nxg4+ 45. Kf3 Nxh2+ 46. Ke3 Ng4+ 47. Kd4 Rxf4 48. Kd5 Nf6+ 49. Nxf6+ Rxf6 50. c4 h5 51. c5 h4 52. c6 Rf8 53. c7 h3 54. Kd6 h2 55. Kd7 h1Q 56. c8Q Qd5+ 57. Kc7 Rxc8+ 58. Kxc8 Kg6 59. b4 Kf6 60. a4 Qf7 61. b5 g5 62. b6 Qe8+ 63. Kc7 Qe7+ 64. Kc6 Qd8 65. b7 g4 66. a5 g3 67. a6 g2 68. a7 g1Q 69. b8Q Qc1+ 70. Kb5 Qd5+ 71. Ka6 Qdc6+ 72. Ka5 Qb1 73. Qxb1 Qc5+ 74. Ka6 Qa3+ 75. Kb7 Qe7+ 76. Kb8 Qd6+ 77. Kb7 Qd7+ 78. Ka6 Qc8+ 79. Qb7 Qc4+ 80. Kb6 Qb4+ 81. Kc7 Qc5+ 82. Kb8 Qf8+ 83. Qc8 Qb4+ 84. Kc7 Qc5+ 85. Kb7 Qb5+ 86. Kc7 Qc5+ 87. Kb8 Qb6+ 88. Qb7 Qd8+ 89. Qc8 Qd6+ 90. Qc7 Qb4+ 91. Kc8 Qg4+ 92. Qd7 Qc4+ 93. Kd8 Qg8+ 94. Qe8 Qd5+ 95. Qd7 Qa8+ 96. Qc8 Qxa7 97. Qc3+ Kg6 98. Qg3+ Kf6 99. Qh4+ Ke6 100. Qh6+ Kd5 101. Qg5+ Ke6 102. Qg4+ Kd6 103. Qf4+ Ke6 104. Qg4+ Kd6 105. Qg6+ Ke5 106. Qg3+ Ke6 107. Qh3+ Kd6 108. Qd3+ Ke6 109. Qe4+ Kd6 110. Qb4+ Qc5 111. Qb8+ Ke6 112. Qb3+ Qd5+ 113. Qxd5+ Kxd5 1/2-1/2